Statistics for J. Cole Discography

Click here to take the quiz!

General Stats

  • This quiz has been taken 570 times
    (297 since last reset)
  • The average score is 10 of 17

Answer Stats

YearNameType% Correct
20142014 Forest Hills DriveAlbum
92%
2013Born SinnerAlbum
87%
2018KODAlbum
87%
2021The Off-SeasonAlbum
87%
20164 Your Eyez OnlyAlbum
86%
2011Cole World: The Sideline StoryAlbum
85%
2010Friday Night LightsMixtape
64%
2014Revenge of the DreamersMixtape
62%
2007The Come Up Vol. 1Mixtape
60%
2015Revenge of the Dreamers IICompilation Album
54%
2019Revenge of the Dreamers IIICompilation Album
54%
2009The Warm UpMixtape
54%
2022D-Day: A Gangsta Grillz MixtapeCompilation Album
50%
2013Truly YoursEP
38%
2020Lewis StreetEP
31%
2013Truly Yours 2EP
30%
2016Forest Hills Drive: Live from Fayetteville, NCLive Album
22%

Score Distribution

Percentile by Number Answered

Percent of People with Each Score

Your Score History

You have not taken this quiz since the last reset